LEADER 01409nam a2200289 u 4500 001 000000116231 003 CaOOAMICUS 005 20090616120640.0 008 090616s2009 it u000 u ita r 020 $z978-88-08-26518-0* 040 $aPUL$bita$dLDB 245 03$aIl procedimento d'ingiunzione /$copera diretta da Bruno Capponi ; con la collaborazione di Bruno Capponi...[et al.]. 250 $a2. ed. 260 $aBologna :$bZanichelli,$cc2009. 300 $axxv, 753 p. ;$c25 cm.+$e1 CD-ROM. 490 1 $aDottrina casi sistemi ;$v14 504 $aInclude indici e bibliografia. 650 4$aDiritto processuale civile$zItalia$vManuali, trattati, ecc.$0(OLS)http://pul/subject/26460 700 1 $aCapponi, Bruno.$0(OLS)http://pul/name/66038 830 0$aDottrina casi sistemi ;$v14.$0(OLS)http://pul/title/139266 850 $aPUL 852 $aPUL$W1$xSL Diritto e Scienze Sociali 3$y79$m347. 45 CAPBR 3$j133175$qDDC 21$B132200$CPULBib$Z2$F132200 $H110671 $82 852 $aPUL$W1$xSL Diritto e Scienze Sociali 3$y79$m347. 45 CAPBR 3CD$j133176$aCD-ROM$qDDC 21$B132201$CPULBib$Z2$F132201 $H110672 $82 941 1 $a9 996 $6020$z978-88-08-26518-0*$9(OLS)http://pul/number/141148 996 $6245$aIl procedimento d'ingiunzione$9(OLS)http://pul/title/139267 996 $6260$aBologna :$bZanichelli$9(OLS)http://pul/publisher/48255 LEADER 01349nam a2200289 u 4500 001 000000079228 003 CaOOAMICUS 005 20070226123521.0 008 040527s1999 it u000 u ita u 020 $a8881149966 035 $a10997154 040 $aPUL$bita 245 03$aLa scienza e i vortici del dubbio /$ca cura di Lino Conti e Marco Mamone Capria. 260 $aPerugia :$bEd. Sientifiche Italiane,$c1999. 300 $a544 p. ;$c24 cm 490 1 $aUniversità degli studi di Perugia. Ricerche Filosofiche.$aEpistemologia e storia della scienza ;$v7 500 $aBibliografia in nota. 650 4$aEpistemologia.$0(OLS)http://pul/subject/439 700 1 $aMamone Capria, Marco.$0(OLS)http://pul/name/52772 700 1 $aConti, Lino.$0(OLS)http://pul/name/52771 830 0$aUniversità degli studi di Perugia. Ricerche Filosofiche.$pEpistemologia e storia della scienza ;$v7.$0(OLS)http://pul/title/103726 850 $aPUL 852 $aPUL$W1$xSL Cons. Gen., Altre Classi 3$y75$m501 CONLI 1$j101431$nBK-PRI$qDDC 21$B101431$CPULBib$Z2$F101431 $H87042 $82 941 1 $a9 996 $6020$a8881149966$9(OLS)http://pul/number/104051 996 $6245$aLa scienza e i vortici del dubbio$9(OLS)http://pul/title/103725 996 $6260$aPerugia :$bEd. Sientifiche Italiane$9(OLS)http://pul/publisher/75583